Loading...
| Science - Biology | 1 | 1 | 0 | 1 | 25 | 53 | 87.00 | 1 | 1 |
| Literature - European Literature | 0 | 2 | 0 | 1 | 20 | 107 | 120.00 | 0 | 1 |
| Science - Chemistry | 0 | 2 | 0 | 0 | 20 | 81 | 91.00 | 0 | 0 |
| Visual Arts | 1 | 0 | 0 | 0 | 15 | 66 | 66.00 | 0 | 1 |
| Literature - World Literature | 1 | 0 | 0 | 1 | 15 | 72 | 72.00 | 0 | 1 |
| Literature - British Literature | 0 | 1 | 0 | 1 | 10 | 143 | 143.00 | 0 | 0 |
| History - World History | 0 | 1 | 0 | 0 | 10 | 101 | 101.00 | 0 | 0 |
| Science - Physics | 0 | 1 | 0 | 0 | 10 | 124 | 124.00 | 0 | 1 |
| Social Science | 0 | 1 | 0 | 0 | 10 | 97 | 97.00 | 0 | 1 |
| Science - Other Science | 0 | 1 | 1 | 0 | 5 | 79 | 79.00 | 0 | 1 |
| Beliefs | 0 | 1 | 1 | 1 | 5 | 125 | 125.00 | 0 | 0 |